Modern political analysis (Registro nro. 4207)

Detalles MARC
000 -Cabecera
Campo de control interno 00416nam a2200181Ia 4500
005 - Fecha y hora del registro
control field 20260306145739.0
008 - Elementos de Longitud Fija
fixed length control field 260306t1976||||xx |||||||||||||| ||spa||
041 ## - Idioma
Codigo Idioma ESP
082 ## - DEWEY y NOTACIÓN INTERNA
Dewey 320.01
Notación Interna D16
100 ## - AUTOR
Autor denominación Dahl, Robert A.
Término de relación autor
245 #0 - TÍTULO DE MATERIAL BIBLIOGRÁFICO
Título Modern political analysis
260 ## - CIUDAD, EDITORIAL, AÑO
Año 1976
300 ## - DESCRIPCIÓN
N° Páginas 156 páginas :
Dimensiones 23 cm.
650 ## - TEMAS
Temas Generalidades
654 ## - PROGRAMAS
Programa Dpto. de Derecho y Ciencia Política
942 ## - ELEMENTOS DE KOHA
Tipo de documento Libro
Nombre del creador Justo Noguera
Código de catalogador Justo Noguera
Esquema de clasificación Dewey Decimal Classification
Suppress in OPAC
Existencias
Codigo completo Registro Colección Copia número Disponibilidad Tipo de préstamo Biblioteca Actual Procedencia (Biblioteca) Ubicacón Fecha Ingreso Tipo de Adquisición Date last seen Total checkouts Price effective from Tipo de Item Estado del Material Fuente de Clasificación Damaged status Withdrawn status
320.01 D16 1051213 Colección Navarra 1 Disponible Disponible Víctor Andrés Belaunde Víctor Andrés Belaunde Planta baja abierta 03/06/2026 Donación 06/03/2026   06/03/2026 Libro Bueno Dewey Decimal Classification